000 01204naa a22003017a 4500
001 BR8105123
003 BR-BrBNA
005 20240918174828.0
007 ta
008 230509b bl.||||| |||| 00| 0 por d
040 _aBR-BrBNA
_bpor
_cBiblioteca Nacional de Agricultura
041 _a(Pt)
072 _aL72; L73; L74
_b8520
_b4010
_b4100
090 _aL72 BR8105123
100 1 _aVassiliadi, F.S.
111 1 _a2. Simposio Brasileiro sobre Aquicultura; 2. Encontro Nacional de Ranicultores
_cJaboticabal, SP (Brazil)
_d1980
245 1 _aFisiopatologia aplicada a ra touro gigante (Rana catesbeiana, Shaw)
260 3 _aBrasilia, DF (Brasil):
_c1981.
500 _aAnais do 2. Simposio Brasileiro sobre Aquicultura e do 2. Encontro Nacional de Ranicultores Brasilia, DF (Brasil): 1981. p. 201-212 (BR8105123-AM)L72
650 _aRA TOURO
650 _aFISIOPATOLOGIA
650 _aDISTURBIO NUTRICIONAL
650 _aMICRORGANISMO
650 _aANAEROBIOSE
773 0 _tAnais do 2. Simposio Brasileiro sobre Aquicultura e do 2. Encontro Nacional de Ranicultores
_wL72 BR8105123
_gBrasilia, DF (Brasil), 1981. p. 201-212
909 _a202404
_bLucia
_c55
_dLucia Elande
942 _cAM
_2AGRIS
999 _c313852
_d313852